000 00860nam a2200265Ia 4500
001 21849
005 20260320113318.0
008 260320s9999||||xx |||||||||||||| ||und||
020 _a9789587922592
041 _aESP
082 _a332.678
_bL67
100 _aLira Briceño, Paúl,
_eAUT
245 0 _aEvaluación de proyectos de inversión :
_bguía teórica y práctica
246 _a
_5
_b
250 _aPrimera edición
260 _aBogotá :
_bEdiciones de la U,
_c2021
300 _a409 páginas :
_btablas, gráficos ;
_c24 cm.
_e
440 _a(Finanzas)
_n
_v
650 _aCIS
653 _aEvaluación de proyectos; Flujo de caja; Rentabilidad; Riesgo financiero
654 _aCAN
700 _a
_c
856 _uhttps://www-bibliotechnia-com-mx.ucsp.lookproxy.com/
_zVéase además: Base de datos BiblioTechnia
942 _cLIB
_dJUS
_fMAT
_2ddc
_n
999 _c21849
_d21849